| 000 | 00574nam a2200205Ia 4500 | ||
|---|---|---|---|
| 003 | GCL | ||
| 008 | 140319s9999 xx 000 0 ara d | ||
| 040 |
_aGCL / _cGCL |
||
| 082 | 0 | 4 |
_aق _b962.054 _bص ص |
| 100 | 1 | _aصلاح شادى | |
| 245 | 1 | 0 |
_aصفحات من التاريخ حصاد العمر / _cصلاح شادى |
| 260 |
_a[S.N] : _bالزهراء للاعلام العربى ، _c1987 |
||
| 300 | _a442 ص | ||
| 490 | _a | ||
| 650 | 0 | 4 | _aالعصر الحديث |
| 650 | 0 | 4 | _aمصر |
| 650 | 0 | 4 | _aتاريخ |
| 650 | 0 | 4 | _aالثورات |
| 942 |
_2ddc _cBK |
||
| 999 |
_c27599 _d27599 |
||